000 00535nam a22001817a 4500
005 20251108165826.0
008 250721s1998 xx 000 0 ara d
082 1 4 _a796.019/علا
100 1 _aعلاوي، محمد حسن
245 1 0 _aسيكولوجية الجماعات الرياضية /
264 1 _aالقاهرة :
_bمركز الكتاب،
_c1998.
300 _a199ص
650 1 7 _aعلم النفس الرياضي
650 1 7 _aاللاعبون
650 1 7 _aالرياضيون
942 _2ddc
_cBK
999 _c32265
_d32265